Firmy według miejscowości w Polsce #3 - Statystyki

Ogólne statystyki
  • Ten quiz został rozwiązany 26 razy
  • Średni wynik to 4 z 8
Statystyki odpowiedzi
Firma Miejscowość % Poprawnych
Empik Warszawa
90%
4F Kraków
75%
ING Bank Śląski Katowice
70%
Neonet Wrocław
70%
Koral Nowy Sącz
35%
Grupa Azoty Tarnów
35%
Lewiatan Włocławek
10%
Foodcare Zabierzów
5%
Nie znaleziono quizów pasujących do podanych kryteriów
Rozkład punktacji
Procent ludzi z każdym wynikiem
Percentyl według liczby udzielonych odpowiedzi
Twoja historia wyników
Nie rozwiązałeś tego quizu